Apuntes para una guía de Burgos / (Record no. 32081)

MARC details
000 -LEADER
campo de control de longitud fija 00738nam a2200193 i 4500
001 - NÚMERO DE CONTROL
campo de control 32081
003 - IDENTIFICADOR DE NÚMERO DE CONTROL
campo de control ES-MaACL
005 - FECHA Y HORA DE LA ÚLTIMA TRANSACCIÓN
campo de control 20230906154516.0
007 - CAMPO FIJO DE DESCRIPCIÓN FÍSICA--INFORMACIÓN GENERAL
campo de control de longitud fija t|
008 - DATOS DE LONGITUD FIJA--INFORMACIÓN GENERAL
campo de control de longitud fija 030214s1888 sp ||||1| spa d
100 1# - ENTRADA PRINCIPAL--NOMBRE DE PERSONA
Nombre de persona Cantón Salazar, Leocadio.
9 (RLIN) 34682
245 10 - MENCIÓN DEL TÍTULO
Título Apuntes para una guía de Burgos /
Mención de responsabilidad, etc. L. Cantón Salazar ; comprobados y anotados por Julio García de Quevedo.
260 ## - PUBLICACIÓN, DISTRIBUCIÓN, ETC.
Lugar de publicación, distribución, etc. Burgos :
Nombre del editor, distribuidor, etc. [s.n.],
Fecha de publicación, distribución, etc. 1888 (
Fabricante Imp. y Lib. de S. Rodríguez Alonso)
300 ## - DESCRIPCIÓN FÍSICA
Extensión 95 p. ;
Dimensiones 18 cm.
505 8# - NOTA DE CONTENIDO CON FORMATO
Nota de contenido con formato Contiene: La Catedral, la Cartuja, el Real Monasterio de las Huelgas y el Hospital del Rey
651 #4 - PUNTO DE ACCESO ADICIONAL DE MATERIA--NOMBRE GEOGRÁFICO
Nombre geográfico Burgos-
Subdivisión general Edificios, estructuras, etc.
9 (RLIN) 151307
700 1# - ENTRADA AGREGADA--NOMBRE PERSONAL
Nombre de persona García de Quevedo, Julio.
9 (RLIN) 54493
852 ## - LOCALIZACIÓN
Ubicación ES-MaACL
Número de control de estantería T-761-F-2
Holdings
Estatus retirado Estado de pérdida Estado de daño No para préstamo Colección Biblioteca de origen Biblioteca actual Ubicación en estantería Fecha de adquisición Fuente de adquisición Total de préstamos Signatura topográfica completa Código de barras Visto por última vez Precio de reemplazo Tipo de ítem Koha
        Colección de folletos Biblioteca del Ateneo de Madrid Biblioteca del Ateneo de Madrid Depósito folletos 17/01/2008     T-761-F-2 1033200 23/02/2023 23/02/2023 Folleto